Dialekty i języki na terenie Polski - Statystyki

Ogólne statystyki
  • Ten quiz został rozwiązany 527 razy
  • Średni wynik to 8 z 13
Odpowiedzi na mapie
Odpowiedzi zakodowano w zielono-czerwonej skali na mapie do tego quizu, zgodnie z poniższymi procentami.
 
Statystyki odpowiedzi
Odpowiedź % Poprawnych
śląski
99%
kaszubski
95%
kaszubski
95%
wielkopolski
79%
małopolski
75%
mazowiecki
75%
niemiecki
66%
białoruski
58%
chełmińsko-kociewsko-warmiński
54%
litewski
48%
łemkowski
46%
nowe dialekty mieszane
26%
wilamowski
22%
Nie znaleziono quizów pasujących do podanych kryteriów
Rozkład punktacji
Procent ludzi z każdym wynikiem
Percentyl według liczby udzielonych odpowiedzi
Twoja historia wyników
Nie rozwiązałeś tego quizu